Niekoľko poznámok k fungovaniu finančného trhu na Slovensku

Fungovanie finančného trhu na Slovensku v rokoch 2000-2002. Výraznejšie ovplyvňovanie úrokovej úrovne domáceho finančného trhu cez úrokové podnety, po vytvorení systému úrokových sadzieb Národnej banky Slovenska v roku 2000. Vývoj úrokových sadzieb na peňažnom trhu. Volatilita a variabilita sadzieb...

Ausführliche Beschreibung

Gespeichert in:
Bibliographische Detailangaben
1. Verfasser: Jánošík, Juraj
Format: Buchkapitel
Sprache:Slowakisch
Schlagworte:
Tags: Tag hinzufügen
Keine Tags, Fügen Sie das erste Tag hinzu!

MARC

LEADER 00000naa a2200000 4500
001 r047509
005 20220729111008.4
041 0 |a slo 
044 |a SK 
245 1 0 |a Niekoľko poznámok k fungovaniu finančného trhu na Slovensku  |c Juraj Jánošík 
520 |a Fungovanie finančného trhu na Slovensku v rokoch 2000-2002. Výraznejšie ovplyvňovanie úrokovej úrovne domáceho finančného trhu cez úrokové podnety, po vytvorení systému úrokových sadzieb Národnej banky Slovenska v roku 2000. Vývoj úrokových sadzieb na peňažnom trhu. Volatilita a variabilita sadzieb BRIBOR. Vzťah medzi krátkodobými prevádzkovými úvermi a BRIBOR. 
610 2 0 |a trh finančný 
610 2 0 |a sadzby úrokové 
610 2 0 |a trh peňažný 
610 2 0 |a banky centrálne 
610 2 0 |a úver krátkodobý 
610 2 0 |a BRIBOR 
610 2 0 |a volatilita 
610 2 0 |a Slovensko 
610 2 0 |a 2000-2002 
100 1 |a Jánošík, Juraj